000
00232nam a22000857a 4500
008
160916b xxu||||| |||| 00| 0 eng d
100
_9
610
_a
Kumar.S.etal
245
_a
English communicative-8
260
_a
New Delhi
_b
Frank Publications
_c
2012
999
_c
3268
_d
3268